000 00883nam a2200205Ia 4500
003 IN-BaIIA
008 211028s9999 xx 000 0 eng d
040 _cIIA Library
080 _a047.1:533.5/ 67-2:1
111 _aInternational Congress on Vacuum Techniques
_n3rd
_cGermany
_d1965 June 28- July 2
_95460
245 0 _a1965 transactions of the third International vacuum congress
_bproceedings of the Third International Congress on Vacuum Techniques held at Stuttgart,Germany 28 June-2 July 1965
_cedited by Adam, H.
260 _aOxford
_bPergamon Press
_c1967
300 _axi, 290p.
490 _aAdvances in vacuum science and technology; v. 2, pt.1
650 _aAstronomy and Astrophysics Thesaurus
650 _aVacuum Science
_95461
650 _aVacuum Techniques
_95462
700 _aAdam, H., ed.
_95463
942 _cBK
999 _c3071
_d3071